02244nam a2200433 a 4500001001000000003000900010005001700019007000300036008004100039020001800080040002500098082002600123100007100149245030800220246003500528246004000563260004300603300005000646500006100696500004100757504003200798546004200830590002600872650003700898650004900935700004000984700004601024700005401070700004201124700004701166700003801213910002301251942001401274952012101288952012701409952012701536952013001663999001701793000042412DO-SdBNP20250311102159.0ta131128s2009 dr cf r 000 0 spa d a9789993467540 aDO-SdBNPbspacBNPHU 4a728.097293bD948a2221 aDurán Núñez, Víctor Ml., d1964-q(Víctor Manuel)96953110aArquitectura popular dominicana = Dominican popular architecture = Architecture populaire dominicaine cVíctor Ml. Durán Núñez, Emilio José Brea García; traducciones, Pedro Canó, Alexandra Flaviá, Christopher Vicioso Turner, Rosene Zaros, Elisabeth Robert; prólogo, Manuel S. Gautier.1 aDominican popular architecture1 aArchitecture populaire dominicaine  aSanto Domingo :bBanco Popular,c2009. a391 p. :bil., fots., mapas, retrs. ;c27 cm. aIncluye datos biográficos de los autores : p. 252-253 aTexto español, ingles y francés aBibliografía : p. 245-251 aTextos en español, ingles y frances aInventariado, 2019/BT 0aArquitectura vernácula 982182 4aArquitectura zRepública Dominicana9543781 aCanó, Pedro,etrad. ingles9553471 aFlaviá, Alexandra,etrad. ingles9695321 aVicioso Turner, Christopher,etrad. ingles9695331 aZaros, Rosene,etrad. inglés9695341 aRobert, Elisabeth,etrad. francés9695351 aGautier, Manuel S.,eprol.954379 aValidado, 2022/MFF 2ddccLBS1 00102ddc53708PDaBNPHUbBNPHUcHDd2013-11-28oBNPHU PD 728.097293 D948ap42412-10r2020-06-25w2020-06-25yLBS1 00102ddc56708DSaBNPHUbBNPHUcHDd2019-03-06oBNPHU DS 728.097293 D948ap42412-30r2020-06-25te. 3w2020-06-25yLBS1 00102ddc51708PDaBNPHUbBNPHUcHDd2015-06-05oBNPHU PD 728.097293 D948ap42412-20r2020-06-25te. 2w2020-06-25yLBS1 00102ddc51708DSaBNPHUbBNPHUcHDd2022-08-15l0oBNPHU DS 728.097293 D948ap2022-3683r2022-08-15te.4w2022-08-15yLBS1 c41901d41901